[Event "23rd OIBM 2019"]
[Site "Gmund am Tegernsee"]
[Date "2019.11.02"]
[Round "8.8"]
[White "Nasuta, Grzegorz"]
[Black "Korneev, Oleg"]
[Result "1-0"]
[WhiteElo "2534"]
[BlackElo "2504"]
[Annotator "TA"]
[PlyCount "53"]
[EventDate "2019.10.17"]
[EventType "swiss"]
[EventCountry "GER"]
[SourceTitle "playchess.com"]
[Source "ChessBase"]
[SourceQuality "1"]

{[%evp 10,53,31,37,43,33,31,27,42,41,41,35,47,45,32,28,45,43,39,21,21,29,31,15,24,27,31,20,20,19,34,24,23,31,51,46,237,238,1172,1136,2091,2108,29995,29996,29996,29997]} 1. e4 c5 2. Nf3 e6 3. d4 cxd4 4. Nxd4 Nc6 5. Nc3 a6 6. g3 d6 {B46: Sicilian: Taimanov: 5 Nc3 a6} 7. Nxc6 bxc6 8. Bg2 Bb7 {White has an edge.} 9. O-O Nf6 10. b3 $146 ({Predecessor:} 10. Na4 Qc7 11. c4 c5 12. Qe2 Be7 13. b3 O-O 14. Bb2 {1-0 (49) Firouzja,A (2618)-Alekseev,E (2639) Bandar e Anzali 2019}) 10... Be7 11. Bb2 O-O 12. Na4 Qc7 13. c4 Nd7 14. Qe2 c5 15. Rad1 Rad8 16. f4 Bc6 17. Nc3 Bf6 18. Nb1 Bxb2 19. Qxb2 Bb7 20. Nc3 Nb8 21. f5 Nc6 22. f6 Nd4 $2 ({Better is} 22... Ne5 $14) 23. Qd2 $18 {Intending Qg5! and mate.} h6 $2 {[#]} (23... gxf6 24. Qh6 (24. Rxf6 Nc6 $16) 24... f5) 24. Rf4 $1 {[%cal Rf4g4]} Kh7 {[#]} 25. Rh4 $1 {[%mdl 512] White threatens Qg5 and mate.} Rh8 26. Qg5 {[%csl Gf6][%cal Rg5g7]} Rdg8 27. fxg7 {Accuracy: White = 83%, Black = 32%.} 1-0

[Event "23rd OIBM 2019"]
[Site "Gmund am Tegernsee"]
[Date "2019.11.02"]
[Round "8.9"]
[White "Hess, Max"]
[Black "Chanda, Sandipan"]
[Result "0-1"]
[WhiteElo "2373"]
[BlackElo "2529"]
[Annotator "TA"]
[PlyCount "62"]
[EventDate "2019.10.17"]
[EventType "swiss"]
[EventCountry "GER"]
[SourceTitle "playchess.com"]
[Source "ChessBase"]
[SourceQuality "1"]

{[%evp 9,61,18,25,20,17,0,10,0,8,21,0,9,39,35,32,41,43,0,0,23,48,0,0,0,0,0,0,-21,0,-179,-180,-164,0,0,0,0,14,0,0,-167,-160,-499,-483,-29987,-29988,-29988,-83,-29989,-29990,-29997,0,-29998,-29999,-29999]} 1. e4 c5 2. Nf3 d6 3. Bb5+ Nd7 4. O-O a6 5. Bd3 Ngf6 6. Re1 {B51: Sicilian: Moscow Variation (3 Bb5+) without 3...Bd7} e6 (6... g6 7. c3 Bg7 8. Bc2 O-O 9. d4 e5 10. a4 Rb8 11. dxe5 Nxe5 12. Nxe5 dxe5 13. Qxd8 Rxd8 {½-½ (65) Amin,B (2707)-Artemiev,V (2761) Danzhou 2019}) 7. Bf1 b5 8. a4 $146 {The position is equal.} ({Predecessor:} 8. d3 Be7 9. Nc3 O-O 10. Bg5 h6 11. Bh4 Re8 12. h3 Qc7 {½-½ (57) Jovovic,C-Kuzmanovic,A (1813) Belgrade 2014}) 8... b4 9. d4 cxd4 10. Qxd4 Bb7 11. Qxb4 Bxe4 {[%mdl 64] Remove Defender} 12. Rxe4 {aiming for Re1.} d5 13. Rxe6+ $1 fxe6 14. Qe1 e5 15. c4 (15. Nxe5 $14 Qe7 16. Nf3) 15... Bc5 $11 {And now ...Ng4 would win.} 16. b4 Ba7 $1 17. Nc3 O-O 18. cxd5 ({Don't blunder} 18. Nxd5 $2 e4 $19) 18... e4 19. Ng5 $2 (19. Nxe4 $11 Re8 20. Nxf6+ Nxf6 21. Qd1) 19... Ng4 $1 $19 20. Qxe4 {[%csl Gg5][%cal Re4h7]} Rxf2 $2 $40 {[%mdl 128] White needs to defend precisely.} (20... Bxf2+ $19 21. Kh1 Ndf6 22. Qe6+ Kh8) 21. Qxh7+ $11 Kf8 {( -> ...Rf4+)} 22. Ne6+ Ke7 23. Bg5+ ({Wrong is} 23. Bxa6 $2 Qh8 $19) 23... Rf6+ $1 24. Nc5 $2 (24. Kh1 $1 $11 {and White is okay.} Nf2+ 25. Kg1 Nh3+ {[%mdl 64] Discovered Attack (Double check)} 26. Kh1 Nf2+ 27. Kg1 Nh3+ {[%mdl 64] Discovered Attack (Double check)} 28. Kh1 Nf2+) 24... Nxc5 $19 25. Bxf6+ $2 (25. bxc5 $17 Bxc5+ 26. Kh1 Nf2+ 27. Kg1) 25... Kxf6 26. bxc5 (26. g3 $19 Ne4+ {[%mdl 64] Discovered Attack} 27. Kh1 Ngf2+ 28. Kg2 Nxc3 29. Qh4+ Kg6 30. Qxd8 Rxd8 31. Rc1 Nxd5 32. Rc6+ Kf5 33. Bxa6) 26... Bxc5+ 27. Kh1 Nf2+ 28. Kg1 {[#]} Qh8 $1 {[%mdl 64] Overworked Piece} 29. Qxh8 {[#]} Ne4+ $1 {[%mdl 64] Discovered Attack} (29... Rxh8 $2 30. g3 $19) 30. Kh1 {[#]} Ng3+ $1 {[%mdl 512]} 31. hxg3 Rxh8# {Accuracy: White = 52%, Black = 63%.} 0-1

[Event "23rd OIBM 2019"]
[Site "Gmund am Tegernsee"]
[Date "2019.11.02"]
[Round "8.10"]
[White "Marin, Mihail"]
[Black "Weber, Ulrich"]
[Result "0-1"]
[WhiteElo "2524"]
[BlackElo "2360"]
[Annotator "RC"]
[PlyCount "98"]
[EventDate "2019.10.17"]
[EventType "swiss"]
[EventCountry "GER"]
[SourceTitle "playchess.com"]
[Source "ChessBase"]
[SourceQuality "1"]
[TimeControl "40/5400+30:1800+30"]

1. e4 {[%emt 0:00:00]} c5 {[%emt 0:00:00]} 2. d3 {[%emt 0:00:00]} Nc6 {[%emt 0:00:09]} 3. g3 {[%emt 0:00:00]} g6 {[%emt 0:00:25]} 4. Bg2 {[%emt 0:00:00]} Bg7 {[%emt 0:00:09]} 5. f4 {[%emt 0:00:01]} e6 {[%emt 0:00:48]} 6. Nf3 {[%emt 0:00:06]} Nge7 {[%emt 0:00:04]} 7. O-O {[%emt 0:00:05]} O-O {[%emt 0:00:06]} 8. c3 {[%emt 0:00:04]} b6 {[%emt 0:00:08]} 9. Be3 {[%emt 0:01:56]} Ba6 {[%emt 0:01:15]} 10. Re1 {[%emt 0:05:33]} Rc8 {[%emt 0:02:29]} 11. Na3 {[%emt 0:00:38]} d6 {[%emt 0:06:58]} 12. d4 {[%emt 0:01:45]} cxd4 {[%emt 0:00:22]} 13. Nxd4 {[%emt 0:01:36]} Nxd4 {[%emt 0:02:46]} 14. Bxd4 {[%emt 0:04:24]} e5 {[%emt 0:01:21]} 15. Bf2 {[%emt 0:00:09]} Qd7 {[%emt 0:02:31]} 16. fxe5 {[%emt 0:04:26]} Bxe5 {[%emt 0:03:13]} 17. Nc2 {[%emt 0:00:06]} Bc4 {[%emt 0:08:11]} 18. Qd2 {[%emt 0:07:13]} Rfe8 {[%emt 0:06:31]} 19. b3 {[%emt 0:11:41]} Be6 {[%emt 0:03:36]} 20. Nd4 {[%emt 0:04:17]} Qb7 {[%emt 0:21:18]} 21. c4 {[%emt 0:03:18]} Nc6 {[%emt 0:01:44]} 22. Rad1 {[%emt 0:00:53]} Bg4 {[%emt 0:01:10]} 23. Nxc6 {[%emt 0:04:26]} Qxc6 {[%emt 0:01:17]} 24. Rc1 {[%emt 0:00:09]} Qd7 {[%emt 0:00:46]} 25. Be3 {[%emt 0:01:40]} Rc6 {[%emt 0:10:36]} 26. Qf2 {[%emt 0:01:54]} Rec8 {[%emt 0:01:28]} 27. Bf1 {[%emt 0:00:51]} h5 {[%emt 0:00:45]} 28. Rc2 {[%emt 0:01:58]} R6c7 {[%emt 0:01:43]} 29. Rec1 {[%emt 0:00:47]} Kg7 {[%emt 0:04:25]} 30. a4 {[%emt 0:03:53]} Qe7 {[%emt 0:01:28]} 31. Ra2 {[%emt 0:00:55]} Be6 {[%emt 0:01:42]} 32. Rb1 {[%emt 0:01:47]} f5 {[%emt 0:04:01]} 33. exf5 {[%emt 0:08:40]} Bxf5 {[%emt 0:00:47]} 34. Re1 {[%emt 0:00:20]} Rf8 {[%emt 0:02:07]} 35. Qd2 {[%emt 0:00:42]} Kh7 {[%emt 0:00:39]} 36. Bg2 {[%emt 0:04:45]} Qg7 {[%emt 0:00:24]} 37. Rf1 {[%emt 0:06:43]} Re8 {[%emt 0:01:41]} 38. Kh1 {[%emt 0:02:00]} Bc3 {[%emt 0:00:57]} 39. Qf2 {[%emt 0:03:40]} Rce7 {[%emt 0:02:45]} 40. Bg5 {[%emt 0:01:12]} Re1 {[%emt 0:01:56]} 41. Bd2 {[%emt 0:21:06]} R1e2 {[%emt 0:02:36]} 42. Qf4 {[%emt 0:03:51]} R8e4 {[%emt 0:07:39]} 43. Bxc3 {[%emt 0:03:56]} Rxf4 {[%emt 0:02:25]} 44. gxf4 {[%emt 0:02:02]} Rxg2 {[%emt 0:02:26]} 45. Bxg7 {[%emt 0:04:46]} Rxa2 {[%emt 0:00:14]} 46. Ra1 {[%emt 0:00:09]} Be4+ {[%emt 0:00:10]} 47. Kg1 {[%emt 0:00:05]} Rg2+ {[%emt 0:00:34]} 48. Kf1 {[%emt 0:00:03]} Kxg7 {[%emt 0:00:29]} 49. Re1 {[%emt 0:00:06]} Bc6 {[%emt 0:01:09]} 0-1

[Event "23rd OIBM 2019"]
[Site "Gmund am Tegernsee"]
[Date "2019.11.02"]
[Round "8.11"]
[White "Fiedorek, Michal"]
[Black "Prusikin, Michael"]
[Result "0-1"]
[WhiteElo "2343"]
[BlackElo "2521"]
[Annotator "TA"]
[PlyCount "100"]
[EventDate "2019.10.17"]
[EventType "swiss"]
[EventCountry "GER"]
[SourceTitle "playchess.com"]
[Source "ChessBase"]
[SourceQuality "1"]

{[%evp 11,100,3,6,16,8,8,16,0,24,24,16,18,10,0,15,2,26,-2,11,0,16,0,0,0,2,0,6,0,14,0,0,9,25,37,24,38,29,33,66,52,50,12,75,69,71,33,47,47,26,0,28,14,45,0,35,29,65,23,52,42,41,-29,0,0,0,-39,-41,-70,0,0,0,0,0,0,0,0,0,0,0,0,0,0,0,-16,0,0,0,-29983,-29984,-29984,-29985]} 1. e4 c6 2. d4 d5 3. exd5 cxd5 4. Bd3 Nc6 5. c3 Nf6 6. h3 g6 7. Nf3 {B13: Caro-Kann: Exchange Variation and Panov-Botvinnik Attack} Bf5 8. Be2 Qc7 $146 (8... Bg7 9. O-O O-O 10. Bf4 Ne4 11. Nbd2 f6 12. Nxe4 Bxe4 13. Nd2 Bf5 14. Bg3 e5 15. dxe5 fxe5 {1-0 (54) Ding,L (2805)-Navara,D (2734) Prague 2019}) 9. O-O {The position is equal.} Bg7 10. Re1 O-O 11. Be3 Rad8 12. Nbd2 Ne4 13. Qc1 Rfe8 14. Nb3 Qc8 15. Bh6 f6 16. Bxg7 Kxg7 17. Nh4 Be6 18. Bd3 g5 19. Nf3 Bf5 20. Qc2 b6 21. a4 a5 22. Nbd2 {[%cal Rd2e4,Bb3d2,Bd2f1,Bf1e3][%mdl 32]} Nd6 23. Bxf5 Nxf5 24. Qb3 Qc7 25. Nf1 e6 26. Re2 (26. g4 $5 {[%cal Rg4f5]} Nd6 27. Re2 $11) 26... Re7 (26... h5 $11) 27. Rae1 Rde8 28. Ne3 (28. g4 $5 {[%cal Rg4f5]} Nd6 29. Ng3 $14) 28... Nd6 29. Nc2 Nd8 30. Ne3 N8f7 31. Rc2 Qb7 32. Qa3 Rc7 33. Rce2 Ne4 34. Nd2 f5 35. Qb3 Nfd6 36. f3 (36. Nef1 $14) 36... Nf6 37. Qa3 Qc6 38. Nc2 Rce7 39. Re5 Nh5 ({Better is} 39... Nd7 $15 40. R5e2 f4) 40. Ne3 $1 $11 Nf4 {Hoping for ...Nd3.} 41. c4 {Threatens to win with Nxd5!} dxc4 {[#] ...Ng6 is the strong threat.} 42. Nxf5+ $1 {[%mdl 512]} Nxf5 {[#]} 43. Rxf5 $1 {[%mdl 576] Remove Defender} exf5 44. Rxe7+ Rxe7 45. Qxe7+ {[%mdl 64] Double Attack} Kg6 46. h4 gxh4 47. Qd8 Qe6 {Strongly threatening ...h3.} 48. Kh2 {[#]} h3 $1 {[%mdl 512]} 49. Qc7 $2 {[%mdl 8192] [#]} (49. Qb8 $11 Nxg2 50. Kxh3) (49. gxh3 Qe2+) 49... Qe2 $1 {[%csl Gf4,Gh3][%cal Re2g2][%mdl 64] Double Attack} 50. Qd6+ Kh5 {Accuracy: White = 49%, Black = 44%.} 0-1

[Event "23rd OIBM 2019"]
[Site "Gmund am Tegernsee"]
[Date "2019.11.02"]
[Round "8.12"]
[White "Forchert, Martin"]
[Black "Vetoshko, Volodymyr"]
[Result "0-1"]
[WhiteElo "2335"]
[BlackElo "2506"]
[Annotator "TA"]
[PlyCount "56"]
[EventDate "2019.10.17"]
[EventType "swiss"]
[EventCountry "GER"]
[SourceTitle "playchess.com"]
[Source "ChessBase"]
[SourceQuality "1"]

{[%evp 19,56,24,21,3,25,0,0,-18,-6,-20,-32,-41,-23,-23,-13,-31,-14,-35,-34,-36,-23,-71,-71,-110,-112,-108,-95,-171,-160,-256,-260,-224,-247,-250,-212,-225,-225,-210,-209]} 1. e4 c5 2. Nf3 e6 3. d4 cxd4 4. Nxd4 Nc6 5. g3 Nxd4 6. Qxd4 Ne7 7. Bg2 Nc6 8. Qd1 Be7 9. O-O O-O 10. Nc3 a6 11. Bf4 {B46: Sicilian: Taimanov: 5 Nc3 a6} (11. a4 d6 12. Be3 Qa5 13. Ne2 Rd8 14. Nd4 Nxd4 15. Qxd4 Bd7 16. Qb6 Qxb6 17. Bxb6 Rdc8 18. c3 a5 19. e5 {½-½ (47) Ryan,J (2267)-Anton Guijarro,D (2473) Barcelona 2011}) 11... d6 12. Qe2 Qc7 13. Rad1 $146 {The position is equal.} ({Predecessor:} 13. Rfc1 Ne5 14. Nd1 Bd7 15. c4 Rac8 16. b3 Bf6 17. Nc3 Qa5 18. Qd2 Rfd8 {0-1 (63) Bjerring,K (2263)-Paredes Cordo,J (2243) Villagarcia de Arosa 2002}) 13... b5 14. a3 Bb7 15. Bc1 Ne5 16. f4 Nc4 17. Rd3 Rac8 18. g4 Rfe8 19. g5 d5 20. Rh3 g6 21. Qg4 {[%cal Re4d5]} Qc5+ 22. Kh1 d4 $36 {[%mdl 2048] Black is really pushing.} 23. Nd1 {[#]} (23. Ne2 $17) 23... Nd6 $1 $19 24. Qh4 (24. e5 $17 Bxg2+ 25. Qxg2) 24... h5 25. Qe1 Qxc2 {[%mdl 64] Double Attack. Black is clearly better.} 26. Nf2 Bf8 27. Nd3 Bg7 28. Rf2 Qb1 {Accuracy: White = 23%, Black = 76%.} 0-1

[Event "23rd OIBM 2019"]
[Site "Gmund am Tegernsee"]
[Date "2019.11.02"]
[Round "8.13"]
[White "Nasshan, Dennis"]
[Black "Krzyzanowski, Marcin"]
[Result "0-1"]
[WhiteElo "2306"]
[BlackElo "2500"]
[Annotator "TA"]
[PlyCount "58"]
[EventDate "2019.10.17"]
[EventType "swiss"]
[EventCountry "GER"]
[SourceTitle "playchess.com"]
[Source "ChessBase"]
[SourceQuality "1"]

{[%evp 28,57,11,-17,-7,-12,-14,-70,-35,-131,-135,-147,-147,-159,-162,-166,-158,-651,-645,-627,-622,-622,-574,-562,-541,-549,-573,-555,-529,-29970,-29961,-29999]} 1. d4 Nf6 2. c4 d6 3. Nc3 g6 4. Nf3 Bg7 5. g3 O-O 6. Bg2 Nc6 7. O-O Bg4 8. d5 Na5 9. Nd2 c5 10. h3 Bd7 11. Qc2 a6 12. b3 b5 13. Bb2 Rb8 14. Rab1 e5 15. e4 Nh5 {E66: King's Indian: Fianchetto: 6...c5 7 0-0 Nc6 8 d5} 16. Ne2 f5 {[#]} 17. Nc1 $146 ({Better is} 17. Bc3 $11) ({Predecessor:} 17. f4 bxc4 18. fxe5 cxb3 19. axb3 dxe5 20. exf5 gxf5 21. Ra1 Bb5 22. Nc4 Nxb3 23. Qxb3 Bxc4 24. Qxc4 Rxb2 {0-1 (41) Donchenko,A (2618)-Ziska,H (2533) Le Blanc Mesnil 2019}) 17... f4 {Black is slightly better.} 18. g4 {[#]} (18. Ne2 $1 $15) 18... f3 $1 $17 {[%mdl 512]} 19. Nxf3 Nf4 20. Nd3 {[#]} Nxh3+ $1 {[%mdl 576] Deflection} 21. Bxh3 {Black must now prevent Nh2.} Rxf3 22. Kg2 $2 {[#]} (22. Bg2 $17 Bxg4 23. cxb5) 22... Qh4 $1 $19 {[%csl LRg4,LRh3][%mdl 512]} 23. Kxf3 {Kg2 is the strong threat.} Qxh3+ 24. Ke2 {Black should prevent f3.} Bxg4+ 25. Ke1 bxc4 26. Nc1 cxb3 27. axb3 Rb4 28. Bc3 {[#]} Rxe4+ $1 {[%mdl 576] Deflection} 29. Qxe4 Qxc3# {Accuracy: White = 21%, Black = 76%.} 0-1

[Event "23rd OIBM 2019"]
[Site "Gmund am Tegernsee"]
[Date "2019.11.02"]
[Round "8.14"]
[White "Del Rio De Angelis, Salvador G."]
[Black "Lavrinenkov, Vadim"]
[Result "1-0"]
[WhiteElo "2491"]
[BlackElo "2306"]
[Annotator "TA"]
[PlyCount "53"]
[EventDate "2019.10.17"]
[EventType "swiss"]
[EventCountry "GER"]
[SourceTitle "playchess.com"]
[Source "ChessBase"]
[SourceQuality "1"]

{[%evp 17,55,0,0,-2,-6,0,0,7,5,0,14,5,0,3,42,0,31,28,32,30,37,0,46,47,58,1,11,0,0,0,149,136,112,129,377,270,489,421,570,562]} 1. d4 Nf6 2. c4 e6 3. Nc3 Bb4 4. e3 O-O 5. Bd3 d5 6. a3 Bxc3+ 7. bxc3 dxc4 8. Bxc4 c5 9. Nf3 Qc7 10. Ba2 {E53: Nimzo-Indian: Rubinstein: Main Line (4...0-0 5 Nf3 d5 6 Bd3 c5 7 0-0)} Nbd7 11. O-O b6 12. Re1 {The position is equal.} Bb7 13. c4 Rad8 14. h3 Rfe8 15. Bb2 {[#]} cxd4 $146 ({Predecessor:} 15... h6 16. Qe2 cxd4 17. exd4 Qf4 18. Qe3 Qf5 19. Bb1 Qh5 {½-½ (46) Salov,V (2715)-Kamsky,G (2710) Dos Hermanas 1995}) 16. exd4 Nf8 17. Rc1 Ng6 18. Re3 Qd7 19. Qe1 b5 20. d5 exd5 21. c5 (21. cxb5 $14 Qxb5 22. Bxf6 Rxe3 23. Qxe3 gxf6 24. Rc7) 21... Rxe3 $11 22. Qxe3 Re8 23. Qd2 Bc6 {[#]} (23... Ne4 $11 24. Qd4 Nf6) 24. Bxf6 $1 $16 gxf6 25. Nd4 Rd8 $2 (25... a6 $16 26. Rc3 Qc7) 26. Bb1 Kh8 $2 (26... Qc7 {was called for.} 27. Qh6 Bd7) 27. h4 {Played: Qd2-h6} 1-0

[Event "23rd OIBM 2019"]
[Site "Gmund am Tegernsee"]
[Date "2019.11.02"]
[Round "8.15"]
[White "Loiseau, Quentin"]
[Black "Szabo, Marton Mihaly"]
[Result "1-0"]
[WhiteElo "2471"]
[BlackElo "2282"]
[Annotator "TA"]
[PlyCount "47"]
[EventDate "2019.10.17"]
[EventType "swiss"]
[EventCountry "GER"]
[SourceTitle "playchess.com"]
[Source "ChessBase"]
[SourceQuality "1"]

{[%evp 9,77,23,31,0,25,0,8,2,0,6,2,-29,-25,-30,-33,-41,-44,-90,-78,-111,329,327,334,325,502,491,503,487,590,576,588,493,649,658,725,634,747,661,669,665,666,637,735,734,722,720,1043,1033,1173,1163,1241,1131,1448,1494,2068,2080,4790,2907,12808,12803,29970,29970,29971,29972,29980,29980,29992,29993,29993,29994]} 1. Nf3 c5 2. c4 Nc6 3. d4 cxd4 4. Nxd4 Qb6 5. Nb3 e6 6. g3 {A30: Symmetrical English: Double Fianchetto and Hedgehog} Ne5 7. Bg2 Nf6 8. O-O {The position is equal.} Nxc4 9. e4 d6 10. Qc2 $146 (10. Qe2 $5 {[%cal Re2c4]} Qa6 11. Bg5 $11) ({Predecessor:} 10. Nc3 Bd7 11. Qe2 Rc8 12. g4 h6 13. Kh1 Be7 14. f4 h5 15. g5 {0-1 (26) Shinkevich,V (2440)-Ponkratov,P (2644) Skolkovo 2019}) 10... Qa6 11. Bg5 Bd7 12. Rc1 Ne5 13. N1d2 Be7 14. a4 Rc8 $2 {[%mdl 8192] [#]} ({Much weaker is} 14... Bxa4 $6 15. Qc7 $11) (14... Nfg4 $17 15. Bxe7 Kxe7) 15. Qxc8+ $1 $18 Bxc8 16. Rxc8+ Kd7 (16... Bd8 {was necessary.}) 17. Rxh8 Nfg4 18. Bxe7 Kxe7 19. h3 Nf6 20. a5 Qb5 21. Rc1 Nfd7 22. Rhc8 d5 23. exd5 exd5 24. R1c7 {Played: Rc8-c7} 1-0

[Event "23rd OIBM 2019"]
[Site "Gmund am Tegernsee"]
[Date "2019.11.02"]
[Round "8.16"]
[White "Santagati, Alessandro"]
[Black "Vogel, Roven"]
[Result "1/2-1/2"]
[WhiteElo "2288"]
[BlackElo "2456"]
[Annotator "TA"]
[PlyCount "73"]
[EventDate "2019.10.17"]
[EventType "swiss"]
[EventCountry "GER"]
[SourceTitle "playchess.com"]
[Source "ChessBase"]
[SourceQuality "1"]

{[%evp 19,73,26,31,18,2,2,30,0,-2,-4,-12,-12,0,0,1,0,10,8,16,1,32,4,14,0,7,12,8,5,36,31,86,0,0,0,0,0,0,0,0,0,0,0,0,0,0,0,0,0,344,0,0,-119,0,0,0,0]} 1. e4 c5 2. c3 e6 3. d4 d5 4. exd5 exd5 5. Nf3 Nc6 6. Bb5 Bd6 7. O-O Nge7 8. dxc5 Bxc5 9. Nbd2 O-O 10. Nb3 Bb6 11. a4 {C09: French Tarrasch: 3...c5 4 exd5 exd5 5 Ngf3 Nc6} (11. Re1 Bg4 12. Be3 Bxe3 13. Rxe3 Nf5 14. Re1 Nh4 15. Be2 Re8 16. Nxh4 Bxe2 17. Rxe2 Qxh4 18. Rd2 Rad8 19. Nd4 g6 20. g3 {½-½ (31) Vitiugov,N (2726)-Rapport,R (2738) Prague 2019}) 11... Bg4 12. h3 $146 ({Predecessor:} 12. Be2 Re8 13. h3 Be6 14. Bf4 Ng6 15. Bg3 a6 16. Nbd4 Nxd4 17. Nxd4 Qg5 18. Re1 Rad8 19. Qb3 Bxd4 20. cxd4 {0-1 (39) Huang,H (2082)-Kanovsky,D (2254) Balatonlelle 2003}) 12... Bf5 13. Nfd4 {White has an edge.} Be4 14. Bf4 a6 15. Be2 Ng6 16. Bg3 Qf6 17. a5 Ba7 18. Nxc6 Qxc6 19. Kh2 Rfe8 20. f3 Bf5 21. Re1 Bb8 22. Bxb8 Raxb8 23. Nd4 {[%cal Bb3d4,Bd4f3,Bf3g5][%mdl 32]} Qc7+ 24. g3 Be6 (24... Ne7 $14) 25. Bd3 ({Don't play} 25. Nxe6 $6 Rxe6 26. Bf1 Rxe1 $11) (25. f4 $16 {Strongly threatening f5.} Bd7 26. Qd2) 25... Ne5 $11 26. f4 Nxd3 27. Qxd3 Bd7 28. Nf3 Qc5 {[#] And now ...Qf2+ would win.} 29. Kg2 Rxe1 30. Rxe1 Qxa5 31. Ng5 g6 32. Re7 Bf5 33. Qd4 Rf8 $2 {[%mdl 8192]} (33... Be4+ $11 {and Black has nothing to worry.} 34. Nxe4 dxe4) 34. Nxf7 $2 ({Inferior is} 34. Rxb7 h6 $11) (34. g4 $18) 34... Rxf7 35. Re8+ Rf8 36. Re7 $1 {[%csl Ge7][%cal Rd4g7] [#]} Rf7 37. Re8+ {Accuracy: White = 48%, Black = 65%.} 1/2-1/2

[Event "23rd OIBM 2019"]
[Site "Gmund am Tegernsee"]
[Date "2019.11.02"]
[Round "8.17"]
[White "Womacka, Mathias"]
[Black "Buchal, Stephan"]
[Result "1/2-1/2"]
[WhiteElo "2436"]
[BlackElo "2274"]
[Annotator "TA"]
[PlyCount "67"]
[EventDate "2019.10.17"]
[EventType "swiss"]
[EventCountry "GER"]
[SourceTitle "playchess.com"]
[Source "ChessBase"]
[SourceQuality "1"]

{[%evp 16,67,35,16,26,31,37,27,45,32,54,40,47,53,51,27,63,58,64,60,69,63,81,71,66,72,81,45,74,22,19,18,25,0,0,-21,33,-175,0,-14,64,-97,17,18,18,-50,35,0,63,0,0,-37,-39,-39]} 1. e4 d6 2. d4 Nf6 3. Nc3 g6 4. f4 Bg7 5. Nf3 c5 6. dxc5 Qa5 7. Qd3 Qxc5 8. Be3 Qa5 9. Qb5+ Qxb5 {B09: Pirc Defence: Austrian Attack} 10. Bxb5+ Nc6 (10... Bd7 11. Bxd7+ Nbxd7 12. O-O-O Nb6 13. h3 Nfd7 14. Bd4 O-O 15. Bxg7 Kxg7 16. g4 Rac8 17. g5 {½-½ (48) Albornoz Cabrera,C (2577)-Almeida Quintana,O (2550) Santa Clara 2019}) 11. O-O-O O-O {White has an edge.} 12. Rhe1 Bg4 $146 ({Predecessor:} 12... Rd8 13. e5 Ne8 14. Nd5 Kf8 15. exd6 exd6 16. Bf2 Be6 17. Bh4 {0-1 (36) Mueller,K-Thal,O Stralsund 1975}) 13. Be2 Rfd8 14. h3 Bd7 15. Bf1 Be8 16. g4 Nd7 17. Nd5 Kf8 18. Bf2 Rac8 19. Bh4 f6 20. Kb1 Bf7 21. c3 h6 22. g5 (22. Bf2 $16) 22... fxg5 $11 23. fxg5 h5 $1 24. Bg2 Nde5 25. Nxe5 Nxe5 (25... Bxe5 $11 26. Bf2 Kg7) 26. c4 $2 (26. Bf2 $14 {keeps the upper hand.}) 26... Nc6 $2 ({Don't take} 26... Rxc4 27. b3 $17) ({Better is} 26... Nxc4 $19 27. Re2 Be5) 27. Bf2 e5 (27... Be5 $11) 28. Nf6 $2 {[#]} (28. Be3 $14) 28... Nd4 ({Black should try} 28... Bxf6 $1 $17 29. gxf6 Bxc4) 29. Bxd4 exd4 30. Rxd4 (30. b3 $11) 30... Be6 ({Black should play} 30... Bxf6 $15 31. gxf6 Rxc4) 31. Rd2 Ke7 (31... Bxc4 $11 32. Bf1 Bxf6) 32. Rf2 (32. Nd5+ $14 Bxd5 33. exd5+ Be5 34. Rc2) 32... Rf8 {[%cal Rg7f6]} 33. Ref1 Bxc4 {[#] White must now prevent ...Bd3+.} 34. Nd5+ $1 {Accuracy: White = 26%, Black = 48%.} 1/2-1/2

[Event "23rd OIBM 2019"]
[Site "Gmund am Tegernsee"]
[Date "2019.11.02"]
[Round "8.18"]
[White "Raupp, Thomas"]
[Black "Bellia, Fabrizio"]
[Result "0-1"]
[WhiteElo "2259"]
[BlackElo "2433"]
[Annotator "TA"]
[PlyCount "62"]
[EventDate "2019.10.17"]
[EventType "swiss"]
[EventCountry "GER"]
[SourceTitle "playchess.com"]
[Source "ChessBase"]
[SourceQuality "1"]

{[%evp 18,62,-21,-17,-6,-11,4,-20,-20,-16,-16,-16,-16,-20,-16,-18,-16,-19,-20,-26,-14,-25,0,-16,-10,-23,-11,-35,-19,-16,-19,-27,-21,-74,-33,-218,-221,-222,-229,-233,-229,-226,-226,-295,-308,-295,-277]} 1. d4 Nf6 2. c4 e6 3. Nc3 Bb4 4. Qc2 O-O 5. a3 Bxc3+ 6. Qxc3 d6 7. Bg5 Nbd7 8. Nf3 b6 9. Nd2 Bb7 10. f3 Rc8 {E32: Nimzo-Indian: Classical (4 Qc2): 4...0-0} 11. e4 (11. e3 c5 12. Be2 h6 13. Bh4 d5 14. dxc5 Rxc5 15. b4 Rc8 16. Qb2 Qc7 17. Bg3 Qd8 18. O-O {1-0 (55) Yu,Y (2736)-Parligras,M (2638) Changsha 2019}) 11... c5 12. Bd3 h6 {The position is equal.} 13. Bh4 cxd4 14. Qxd4 Nc5 {[%cal Bd7c5,Bc5e6,Be6d4][%mdl 32]} 15. Be2 e5 16. Qf2 Ne6 17. O-O g5 18. Bg3 Nh5 19. Rfd1 Nhf4 20. Bf1 {[#]} Nd4 $146 {[%mdl 2048] Black has the initiative.} ({Predecessor:} 20... Bc6) 21. Rac1 f5 {Hoping for ...fxe4.} 22. exf5 (22. Bxf4 $5 gxf4 23. Bd3 $15) 22... Rxf5 23. Qe3 Qf8 24. Ne4 Rc7 25. Nc3 (25. Nf2 $11) 25... Rcf7 {White must now prevent ...Nh3+!} 26. Rxd4 $2 (26. Bxf4 $15 gxf4 27. Qf2) 26... exd4 $19 27. Qxd4 {[#]} g4 $1 {[%mdl 512]} 28. Ne4 (28. fxg4 Nh3+) 28... gxf3 29. gxf3 Bxe4 30. fxe4 {[#]} Ne6 $1 {[%mdl 512]} 31. Qd3 Rf3 {Accuracy: White = 44%, Black = 65%.} 0-1